[Event "Alberta op"]
[Site "Calgary CAN"]
[Date "1997.10.12"]
[Round "3"]
[White "Wong, Ford"]
[Black "Vermette, Chris"]
[Result "0-1"]
[WhiteElo "2026"]
[BlackElo "1661"]
[PlyCount "44"]
[GameId "2160767911935975"]
[EventDate "1997.10.11"]
[EventType "swiss"]
[EventRounds "6"]
[EventCountry "CAN"]

1. d4 d6 2. c4 Nf6 3. Nc3 g6 4. e4 Bg7 5. f3 Nbd7 6. Be3 O-O 7. Qd2 c5 8. d5 Ne5 9. g4 Nfxg4 10. fxg4 Bxg4 11. Be2 f5 12. exf5 Bxf5 13. O-O-O Qa5 14. Nf3 Ng4 15. Ng5 Bxc3 16. Qxc3 Qxc3+ 17. bxc3 Nxe3 18. Rde1 h6 19. Ne6 Bxe6 20. dxe6 Ng2 21. Reg1 Nf4 22. Bg4 Nd3+ 0-1

[Event "Alberta op"]
[Site "Calgary CAN"]
[Date "1997.??.??"]
[Round "4"]
[White "Haessel, Dale"]
[Black "Huber, Gregory"]
[Result "0-1"]
[WhiteElo "2315"]
[BlackElo "2260"]
[PlyCount "68"]
[GameId "2160767911935976"]
[EventDate "1997.10.11"]
[EventType "swiss"]
[EventRounds "6"]
[EventCountry "CAN"]
[SourceTitle "EXT 2001"]
[Source "ChessBase"]
[SourceDate "2000.11.22"]
[SourceVersion "1"]
[SourceVersionDate "2000.11.22"]
[SourceQuality "1"]

1. e4 c5 2. Nf3 Nc6 3. d4 cxd4 4. Nxd4 e5 5. Nb5 d6 6. c4 Be7 7. Be3 Be6 8. Be2 a6 9. N5c3 Bg5 10. O-O Bxe3 11. fxe3 Nf6 12. Qd3 O-O 13. Rd1 Qb6 14. b3 Rad8 15. Kf2 Nb4 16. Qd2 a5 17. Bf3 Ng4+ 18. Bxg4 Bxg4 19. Rf1 f5 20. Kg3 fxe4 21. Rxf8+ Rxf8 22. Kxg4 d5 23. h4 Nd3 24. Nxd5 Qe6+ 25. Kg3 Qg6+ 26. Kh3 Qf5+ 27. Kg3 Qg6+ 28. Kh2 Qg4 29. Nbc3 Qxh4+ 30. Kg1 Nf2 31. Kf1 Ng4+ 32. Ke2 Rf2+ 33. Kd1 Qh1+ 34. Qe1 Rf1 0-1

[Event "Alberta op"]
[Site "Calgary CAN"]
[Date "1997.10.12"]
[Round "4"]
[White "Fullbrook, Nigel"]
[Black "Odachowski, Arthur"]
[Result "1-0"]
[WhiteElo "2301"]
[BlackElo "2181"]
[PlyCount "61"]
[GameId "2160767911935977"]
[EventDate "1997.10.11"]
[EventType "swiss"]
[EventRounds "6"]
[EventCountry "CAN"]

1. e4 c5 2. c3 Nf6 3. e5 Nd5 4. d4 cxd4 5. Nf3 e6 6. cxd4 b6 7. Nc3 Nxc3 8. bxc3 Qc7 9. Bd2 Bb7 10. Bd3 d6 11. O-O Nd7 12. Re1 dxe5 13. Nxe5 Nxe5 14. Rxe5 Bd6 15. Rh5 g6 16. Rh3 O-O 17. Qg4 f5 18. Qh4 Rac8 19. Re1 Rfe8 20. Bb5 Re7 21. Bg5 Rg7 22. Rxe6 Bd5 23. Re1 Qb7 24. Rhe3 Bxa2 25. Re8+ Rxe8 26. Rxe8+ Bf8 27. Bh6 Qd5 28. Rxf8+ Kxf8 29. Qf6+ Qf7 30. Qd8+ Qe8 31. Qxe8# 1-0

[Event "Alberta op"]
[Site "Calgary CAN"]
[Date "1997.10.12"]
[Round "4"]
[White "Jackson, Patrick"]
[Black "Quiring, John"]
[Result "1/2-1/2"]
[WhiteElo "1945"]
[BlackElo "1968"]
[PlyCount "84"]
[GameId "2160767911935978"]
[EventDate "1997.10.11"]
[EventType "swiss"]
[EventRounds "6"]
[EventCountry "CAN"]

1. e4 e5 2. Nf3 Nc6 3. Bb5 a6 4. Bxc6 dxc6 5. d4 Bg4 6. Be3 Bxf3 7. gxf3 exd4 8. Qxd4 Qf6 9. Qxf6 Nxf6 10. Nd2 Nd7 11. O-O-O g6 12. Nb3 Bg7 13. Nc5 O-O-O 14. Nxd7 Rxd7 15. Rxd7 Kxd7 16. Rd1+ Kc8 17. Bd4 Bh6+ 18. Be3 Bg7 19. Bd4 Bxd4 20. Rxd4 Rd8 21. Rxd8+ Kxd8 22. Kd2 Ke7 23. Ke3 Kd6 24. f4 b5 25. Kd4 c5+ 26. Kd3 a5 27. c4 c6 28. b3 b4 29. Ke3 Ke6 30. Kf3 f5 31. e5 Kf7 32. Kg3 Ke6 33. Kh4 h6 34. Kg3 Kf7 35. h3 Ke6 36. h4 h5 37. Kf3 Kf7 38. Ke2 Ke6 39. Kd3 Kf7 40. Kc2 Ke6 41. Kb2 Kf7 42. a3 Ke6 1/2-1/2

[Event "Alberta op"]
[Site "Calgary CAN"]
[Date "1997.10.12"]
[Round "4"]
[White "Kuczaj, Chris"]
[Black "Day, Jonathan"]
[Result "1-0"]
[WhiteElo "2100"]
[BlackElo "1614"]
[PlyCount "69"]
[GameId "2160767911935979"]
[EventDate "1997.10.11"]
[EventType "swiss"]
[EventRounds "6"]
[EventCountry "CAN"]

1. d4 e6 2. Nf3 c5 3. c4 cxd4 4. Nxd4 Nc6 5. Nc3 Bb4 6. Nb3 Bxc3+ 7. bxc3 Nge7 8. c5 b6 9. g3 bxc5 10. Nxc5 Qa5 11. Ne4 d5 12. Nd6+ Kf8 13. Nxc8 Nxc8 14. Bd2 Qc5 15. Bg2 Nd6 16. O-O Ke7 17. Be3 Qa5 18. Qd3 Nc4 19. Bf4 f5 20. Rab1 Qa6 21. g4 g6 22. a4 Qc8 23. Qg3 Kf7 24. Rb5 Ne7 25. Rfb1 Rd8 26. Qh4 h5 27. gxh5 gxh5 28. Rb7 Rd7 29. Qxh5+ Kg8 30. Rb8 Rxb8 31. Rxb8 Qxb8 32. Bxb8 Rb7 33. Qe8+ Kg7 34. f4 Nd2 35. Be5+ 1-0

[Event "Alberta op"]
[Site "Calgary CAN"]
[Date "1997.10.12"]
[Round "4"]
[White "Ristovic, Nenad"]
[Black "Gomes, Alan"]
[Result "1-0"]
[WhiteElo "2356"]
[BlackElo "1877"]
[PlyCount "91"]
[GameId "2160767911935980"]
[EventDate "1997.10.11"]
[EventType "swiss"]
[EventRounds "6"]
[EventCountry "CAN"]

1. d4 d5 2. c4 e6 3. Nc3 Nf6 4. cxd5 exd5 5. Bg5 Be7 6. e3 a6 7. Bd3 Nc6 8. Rc1 Ng4 9. Bxe7 Nxe7 10. Nf3 O-O 11. O-O f5 12. h3 Nf6 13. Ne5 Ne4 14. f3 Ng3 15. Re1 c6 16. Kh2 Nh5 17. Qb3 Qd6 18. Kg1 Ng6 19. f4 Nxe5 20. dxe5 Qg6 21. Qd1 Ng3 22. Kh2 Ne4 23. Bxe4 fxe4 24. Ne2 h5 25. g3 Qe6 26. Ng1 g6 27. Qe2 Kg7 28. Qg2 Rh8 29. Ne2 Bd7 30. Nd4 Qe7 31. Qc2 Rac8 32. Qc3 Be6 33. b4 Rhe8 34. Rf1 Bf5 35. Rf2 Kh6 36. a4 Qd7 37. Rcf1 Rf8 38. g4 hxg4 39. hxg4 Bxg4 40. Kg3 Bh3 41. e6 Qe7 42. Rh1 g5 43. Rxh3+ Kg6 44. f5+ Kg7 45. f6+ Rxf6 46. Nf5+ 1-0

[Event "Alberta op"]
[Site "Calgary CAN"]
[Date "1997.10.12"]
[Round "4"]
[White "Vermette, Chris"]
[Black "South, Robert"]
[Result "0-1"]
[WhiteElo "1661"]
[BlackElo "2328"]
[PlyCount "89"]
[GameId "2160767911935981"]
[EventDate "1997.10.11"]
[EventType "swiss"]
[EventRounds "6"]
[EventCountry "CAN"]

1. e4 c5 2. Nf3 Nc6 3. d4 cxd4 4. Nxd4 Nf6 5. Nc3 e6 6. Be3 Bb4 7. Nxc6 bxc6 8. Bd3 d5 9. exd5 exd5 10. Bd2 O-O 11. O-O h6 12. Ne2 Bc5 13. Qc1 Re8 14. Ng3 Ng4 15. h3 Qh4 16. hxg4 Qxg3 17. Bxh6 Qxg4 18. Qg5 Bd4 19. c3 Bf6 20. Qxg4 Bxg4 21. Be3 a5 22. Rfe1 Rab8 23. Bb6 a4 24. Ba7 Ra8 25. Rxe8+ Rxe8 26. Kf1 a3 27. bxa3 Bxc3 28. Rc1 d4 29. Bxd4 Bxd4 30. Rxc6 Rc8 31. Rxc8+ Bxc8 32. a4 Be6 33. a5 Kf8 34. a4 Ke7 35. Ke2 Kd6 36. f3 Kc5 37. a6 Kb6 38. Bb5 Bc8 39. Kd3 Ba1 40. Bc4 Bxa6 41. Bxa6 Kxa6 42. Kc4 Ka5 43. Kb3 Be5 44. g4 g5 45. Kc4 0-1

[Event "Alberta op"]
[Site "Calgary CAN"]
[Date "1997.10.12"]
[Round "4"]
[White "Walker, Warrick"]
[Black "Vandenberg, Jan"]
[Result "1-0"]
[WhiteElo "2190"]
[BlackElo "1800"]
[PlyCount "72"]
[GameId "2160767911935982"]
[EventDate "1997.10.11"]
[EventType "swiss"]
[EventRounds "6"]
[EventCountry "CAN"]

1. e4 d6 2. d4 Nf6 3. Nc3 e6 4. Bd3 Be7 5. Nf3 Nc6 6. a3 a6 7. h3 h6 8. Bd2 b5 9. Qe2 Bb7 10. d5 exd5 11. exd5 Nb8 12. Bxb5+ axb5 13. Qxb5+ Nbd7 14. Qxb7 Rb8 15. Qc6 Rxb2 16. Nb5 O-O 17. Bc1 Nb8 18. Qc4 Rxb5 19. Qxb5 Ne4 20. Bb2 Bf6 21. Bxf6 Nxf6 22. O-O Qc8 23. Nd4 Qd7 24. c4 Qxb5 25. Nxb5 c6 26. dxc6 Nxc6 27. Nxd6 Nd7 28. Rab1 Nc5 29. Rb5 Na4 30. Re1 Kh7 31. Re8 Rxe8 32. Nxe8 Nc3 33. Rb6 Nd4 34. Nd6 f6 35. c5 Na4 36. Rb4 Ne2+ 1-0

[Event "Alberta op"]
[Site "Calgary CAN"]
[Date "1997.10.12"]
[Round "4"]
[White "Weis, Rod"]
[Black "Sharp, Nigel"]
[Result "1-0"]
[WhiteElo "1749"]
[BlackElo "1448"]
[PlyCount "79"]
[GameId "2160767911935983"]
[EventDate "1997.10.11"]
[EventType "swiss"]
[EventRounds "6"]
[EventCountry "CAN"]

1. d4 Nf6 2. c4 g6 3. Nc3 Bg7 4. e4 d6 5. f3 O-O 6. Be3 e5 7. d5 Ne8 8. Bd3 f5 9. exf5 Bxf5 10. Bxf5 Rxf5 11. Nge2 Rf8 12. Qd2 Nd7 13. Ne4 Nef6 14. N2g3 Qe7 15. O-O Nxe4 16. Nxe4 Nf6 17. Ng5 e4 18. Ne6 Rf7 19. Bd4 exf3 20. Bxf6 Qxf6 21. Rxf3 Qe7 22. Rxf7 Qxf7 23. Rf1 Qe7 24. b3 c6 25. Nxg7 Qxg7 26. dxc6 bxc6 27. Qxd6 Rf8 28. Qxf8+ Qxf8 29. Rxf8+ Kxf8 30. Kf2 Ke7 31. Ke3 Kd6 32. Kf4 h6 33. Ke4 a6 34. b4 Ke6 35. a4 Kd6 36. b5 cxb5 37. cxb5 a5 38. Kd4 g5 39. Ke4 Kc5 40. Kf5 1-0

[Event "Alberta op"]
[Site "Calgary CAN"]
[Date "1997.10.13"]
[Round "5"]
[White "Goude, Brian"]
[Black "Weis, Rod"]
[Result "1-0"]
[WhiteElo "1974"]
[BlackElo "1749"]
[PlyCount "27"]
[GameId "2160767911935984"]
[EventDate "1997.10.11"]
[EventType "swiss"]
[EventRounds "6"]
[EventCountry "CAN"]

1. e4 e5 2. Nf3 Nc6 3. Bc4 Nf6 4. Ng5 d5 5. exd5 Nxd5 6. Nxf7 Kxf7 7. Qf3+ Ke6 8. Nc3 Nce7 9. d4 Qd6 10. Bg5 c6 11. O-O-O e4 12. Nxe4 Qb4 13. Nc5+ Kd6 14. Bf4+ 1-0

[Event "Alberta op"]
[Site "Calgary CAN"]
[Date "1997.10.13"]
[Round "5"]
[White "Huber, Gregory"]
[Black "Fullbrook, Nigel"]
[Result "0-1"]
[WhiteElo "2366"]
[BlackElo "2301"]
[PlyCount "66"]
[GameId "2160767911935985"]
[EventDate "1997.10.11"]
[EventType "swiss"]
[EventRounds "6"]
[EventCountry "CAN"]

1. e4 c5 2. Nc3 Nc6 3. Nge2 g6 4. d4 cxd4 5. Nxd4 Bg7 6. Nde2 Nf6 7. g3 b5 8. Bg2 b4 9. Nd5 O-O 10. O-O a5 11. a3 Ba6 12. Re1 Ng4 13. h3 Nge5 14. Ra2 e6 15. Ne3 Qb6 16. b3 Bxe2 17. Qxe2 Nd4 18. Qd1 Nb5 19. Bb2 Rac8 20. axb4 axb4 21. Kh2 Nc3 22. Bxc3 Rxc3 23. Qe2 Nc6 24. Nc4 Qc5 25. e5 Nd4 26. Qe4 d5 27. exd6 f5 28. Qb7 Nf3+ 29. Kh1 Nxe1 30. Ra7 Qd4 31. f4 Nf3 32. Bxf3 Rxf3 33. Ne5 Rf1+ 0-1

[Event "Alberta op"]
[Site "Calgary CAN"]
[Date "1997.10.13"]
[Round "5"]
[White "Odachowski, Arthur"]
[Black "Haessel, Dale"]
[Result "0-1"]
[WhiteElo "2181"]
[BlackElo "2272"]
[PlyCount "70"]
[GameId "2160767911935986"]
[EventDate "1997.10.11"]
[EventType "swiss"]
[EventRounds "6"]
[EventCountry "CAN"]

1. e4 c5 2. d4 cxd4 3. c3 Nf6 4. e5 Nd5 5. Nf3 d6 6. Bc4 Nb6 7. Bb3 Nc6 8. exd6 Qxd6 9. Na3 a6 10. O-O e6 11. cxd4 Be7 12. Qe2 O-O 13. Rd1 Rd8 14. Be3 Bf6 15. Rac1 Bd7 16. Ng5 Qf8 17. Qh5 h6 18. Ne4 Be7 19. Nc5 Bc8 20. Nb1 Nd5 21. Nd2 e5 22. Bxd5 Rxd5 23. Nc4 Bxc5 24. dxc5 Rxd1+ 25. Rxd1 Be6 26. Nxe5 Bxa2 27. Nxc6 bxc6 28. Rd6 Bd5 29. Rxh6 gxh6 30. Bxh6 Re8 31. h3 Re1+ 32. Kh2 Qb8+ 33. f4 Qxb2 34. Qg4+ Kh7 35. Qf5+ Kxh6 0-1

[Event "Alberta op"]
[Site "Calgary CAN"]
[Date "1997.10.13"]
[Round "5"]
[White "Quiring, John"]
[Black "Milne, Arthur"]
[Result "1/2-1/2"]
[WhiteElo "1968"]
[BlackElo "2065"]
[PlyCount "88"]
[GameId "2160767911935987"]
[EventDate "1997.10.11"]
[EventType "swiss"]
[EventRounds "6"]
[EventCountry "CAN"]

1. d4 d5 2. Nf3 Bf5 3. c4 e6 4. Nc3 Nc6 5. Bd2 Nf6 6. e3 Be7 7. cxd5 exd5 8. Bb5 O-O 9. O-O Qd6 10. Rc1 Nd8 11. Ne2 c6 12. Ng3 Bg6 13. Ba4 Ne4 14. a3 Nxd2 15. Nxd2 Ne6 16. f3 Bf6 17. Qe2 Nxd4 18. exd4 Bxd4+ 19. Kh1 Rfe8 20. Qd1 Bxb2 21. Nc4 Qf6 22. Nxb2 Qxb2 23. Bc2 Qxa3 24. Bxg6 hxg6 25. Rb1 Re7 26. Re1 Rae8 27. Rxe7 Rxe7 28. Ne2 Qe3 29. Nd4 c5 30. Nb3 b6 31. h3 d4 32. Nd2 Qe2 33. Qc1 Kf8 34. Ne4 Rd7 35. Nxc5 bxc5 36. Qxc5+ Ke8 37. Rb8+ Rd8 38. Qc6+ Ke7 39. Qc5+ Rd6 40. Qg5+ f6 41. Qxg6 Qe1+ 42. Kh2 Qe5+ 43. Kh1 Qe1+ 44. Kh2 Qe5+ 1/2-1/2

[Event "Alberta op"]
[Site "Calgary CAN"]
[Date "1997.10.13"]
[Round "5"]
[White "Walker, Warrick"]
[Black "Ristovic, Nenad"]
[Result "1/2-1/2"]
[WhiteElo "2190"]
[BlackElo "2356"]
[PlyCount "116"]
[GameId "2160767911935989"]
[EventDate "1997.10.11"]
[EventType "swiss"]
[EventRounds "6"]
[EventCountry "CAN"]

1. e4 e6 2. d4 d5 3. e5 c5 4. c3 Qb6 5. Nf3 Nc6 6. Bd3 cxd4 7. cxd4 Bd7 8. O-O Nxd4 9. Ng5 Nc6 10. Re1 Bc5 11. Qf3 Nh6 12. Nc3 O-O-O 13. Bf4 Nd4 14. Qd1 Kb8 15. Rb1 Nc6 16. Bg3 Nb4 17. Bf1 Nf5 18. Qd2 Nxg3 19. hxg3 h6 20. Nf3 d4 21. Ne4 Bc6 22. Nxc5 Qxc5 23. Rbc1 Qb6 24. a3 Bxf3 25. gxf3 Nc6 26. Bd3 Na5 27. Qf4 Nb3 28. Rc4 Nc5 29. Rd1 Qb3 30. Qd2 Rd5 31. Rb4 Qxd3 32. Qxd3 Nxd3 33. Rxd3 Rhd8 34. f4 a6 35. Rc4 b5 36. Rc2 Kb7 37. Kg2 Kb6 38. Kf3 f5 39. g4 fxg4+ 40. Kxg4 b4 41. Kf3 Rf8 42. Rc4 bxa3 43. bxa3 Rxe5 44. Rdxd4 Rd5 45. Rb4+ Kc6 46. Rdc4+ Rc5 47. Rxc5+ Kxc5 48. Re4 Rf6 49. Re5+ Kc4 50. Ke4 Kb3 51. Ra5 Rg6 52. Rxa6 h5 53. Kf3 h4 54. f5 Rg5 55. Rxe6 Rxf5+ 56. Kg4 Rxf2 57. Kxh4 Kxa3 58. Rb6 Rg2 1/2-1/2

[Event "Alberta op"]
[Site "Calgary CAN"]
[Date "1997.10.13"]
[Round "5"]
[White "Wong, Ford"]
[Black "Jackson, Patrick"]
[Result "1-0"]
[WhiteElo "2026"]
[BlackElo "1945"]
[PlyCount "43"]
[GameId "2160767911935990"]
[EventDate "1997.10.11"]
[EventType "swiss"]
[EventRounds "6"]
[EventCountry "CAN"]

1. d4 f5 2. Nc3 Nf6 3. Bg5 e6 4. e4 h6 5. Bxf6 Qxf6 6. e5 Qd8 7. Qh5+ Ke7 8. f4 Qe8 9. Qh4+ Kf7 10. g4 Be7 11. Qg3 Qd8 12. O-O-O g6 13. gxf5 gxf5 14. d5 d6 15. Bc4 Qg8 16. Qf3 c6 17. Qh5+ Kf8 18. exd6 Bxd6 19. dxe6 Bxe6 20. Rxd6 Qf7 21. Rd8+ Kg7 22. Qxf7+ 1-0

[Event "Alberta op"]
[Site "Calgary CAN"]
[Date "1997.10.13"]
[Round "6"]
[White "Gomes, Alan"]
[Black "South, Robert"]
[Result "0-1"]
[WhiteElo "1877"]
[BlackElo "2328"]
[PlyCount "81"]
[GameId "2160767911935992"]
[EventDate "1997.10.11"]
[EventType "swiss"]
[EventRounds "6"]
[EventCountry "CAN"]

1. e4 e6 2. d4 d5 3. exd5 exd5 4. Nf3 Bd6 5. c4 Nf6 6. c5 Be7 7. Bd3 b6 8. b4 a5 9. Qa4+ Bd7 10. Bb5 Bxb5 11. Qxb5+ Qd7 12. Nc3 axb4 13. Ne5 Qxb5 14. Nxb5 Na6 15. cxb6 cxb6 16. Nc6 Ne4 17. Nxe7 Kxe7 18. O-O Rhe8 19. a4 Kd7 20. f3 Nc3 21. Bd2 Rac8 22. Bxc3 bxc3 23. Rfc1 c2 24. Kf1 Nb4 25. Ra3 Rc4 26. Kf2 Re6 27. h3 f5 28. Kf1 f4 29. Rc3 Rxc3 30. Nxc3 Nd3 31. Ra1 c1=Q+ 32. Rxc1 Nxc1 33. Nxd5 Nd3 34. g3 Re1+ 35. Kg2 Re2+ 36. Kf1 Rf2+ 37. Kg1 fxg3 38. Nxb6+ Kc6 39. Nc4 Nf4 40. Ne3 Nxh3+ 41. Kh1 0-1

[Event "Alberta op"]
[Site "Calgary CAN"]
[Date "1997.10.13"]
[Round "6"]
[White "Kuczaj, Chris"]
[Black "Walker, Warrick"]
[Result "0-1"]
[WhiteElo "2100"]
[BlackElo "2190"]
[PlyCount "64"]
[GameId "2160767911935993"]
[EventDate "1997.10.11"]
[EventType "swiss"]
[EventRounds "6"]
[EventCountry "CAN"]

1. d4 d6 2. e4 Nf6 3. Nc3 c6 4. Nf3 Bg4 5. Be2 e6 6. h3 Bh5 7. O-O Be7 8. Nd2 Bg6 9. f4 h6 10. f5 exf5 11. exf5 Bh7 12. Nce4 d5 13. Nxf6+ Bxf6 14. c3 Nd7 15. Bd3 O-O 16. Qg4 Bg5 17. Nb3 Bxc1 18. Raxc1 Nf6 19. Qf3 Re8 20. Rce1 Qb6 21. Qf2 a5 22. Nc5 Qc7 23. Qf4 Qxf4 24. Rxe8+ Nxe8 25. Rxf4 Nd6 26. f6 Bxd3 27. Nxd3 g5 28. Rf1 Re8 29. Ne5 Ne4 30. h4 a4 31. h5 Ng3 32. Ng4 Nxf1 0-1

[Event "Alberta op"]
[Site "Calgary CAN"]
[Date "1997.10.13"]
[Round "6"]
[White "Quiring, John"]
[Black "Odachowski, Arthur"]
[Result "0-1"]
[WhiteElo "1968"]
[BlackElo "2181"]
[PlyCount "72"]
[GameId "2160767911935994"]
[EventDate "1997.10.11"]
[EventType "swiss"]
[EventRounds "6"]
[EventCountry "CAN"]

1. e4 c5 2. Nc3 Nc6 3. f4 g6 4. Nf3 Bg7 5. Bc4 e6 6. O-O Nge7 7. d3 d5 8. Bb3 O-O 9. Qe1 Nd4 10. Nxd4 cxd4 11. Ne2 dxe4 12. dxe4 a5 13. Bd2 Qc7 14. c3 d3 15. Nd4 a4 16. Bd1 Qb6 17. Qe3 Qxb2 18. Bf3 Rd8 19. e5 Nf5 20. Nxf5 exf5 21. Rfb1 Qa3 22. Bxb7 Bf8 23. Qf3 Rb8 24. Bxc8 Rxb1+ 25. Rxb1 Qxa2 26. Rd1 Rxc8 27. Qxd3 a3 28. Kf1 Bc5 29. Qd7 Qc4+ 30. Ke1 Qe4+ 31. Kf1 Qc4+ 32. Ke1 Bg1 33. h3 a2 34. Qb7 Rd8 35. Qb4 Qxb4 36. cxb4 Bd4 0-1

[Event "Alberta op"]
[Site "Calgary CAN"]
[Date "1997.10.13"]
[Round "6"]
[White "Ristovic, Nenad"]
[Black "Huber, Gregory"]
[Result "1-0"]
[WhiteElo "2356"]
[BlackElo "2366"]
[PlyCount "51"]
[GameId "2160767911935995"]
[EventDate "1997.10.11"]
[EventType "swiss"]
[EventRounds "6"]
[EventCountry "CAN"]

1. d4 Nf6 2. c4 c5 3. d5 e6 4. Nc3 exd5 5. cxd5 d6 6. g3 g6 7. Bg2 Bg7 8. Nf3 O-O 9. O-O a6 10. a4 Nbd7 11. Nd2 Rb8 12. Nc4 Qe7 13. e4 b5 14. axb5 axb5 15. Na5 Rb6 16. Nc6 Qe8 17. Ra8 Kh8 18. Bf4 Ne5 19. Bxe5 dxe5 20. Bh3 Rxc6 21. dxc6 Qxc6 22. Rxc8 Rxc8 23. Bxc8 Qxc8 24. Nxb5 Nxe4 25. Qd5 f5 26. Ra1 1-0

[Event "Alberta op"]
[Site "Calgary CAN"]
[Date "1997.10.13"]
[Round "6"]
[White "Sokol, Andreas"]
[Black "Wong, Ford"]
[Result "1/2-1/2"]
[WhiteElo "1709"]
[BlackElo "2026"]
[PlyCount "121"]
[GameId "2160767911935996"]
[EventDate "1997.10.11"]
[EventType "swiss"]
[EventRounds "6"]
[EventCountry "CAN"]

1. e4 g6 2. d4 Bg7 3. f4 c6 4. Nf3 d5 5. e5 Bg4 6. Be2 h5 7. h3 Bxf3 8. Bxf3 h4 9. Be3 Nh6 10. Bf2 Nf5 11. Bg4 e6 12. Qd3 Nd7 13. Nc3 Qa5 14. a3 Bh6 15. b4 Qc7 16. Ne2 Bf8 17. O-O Nb6 18. c3 Nc4 19. a4 Be7 20. a5 Kd7 21. Kh2 Rag8 22. Rg1 Qb8 23. Bxf5 gxf5 24. g3 hxg3+ 25. Bxg3 Rg6 26. Rh1 Rgh6 27. Kg2 Qg8 28. Rh2 R8h7 29. Rah1 Bh4 30. Kf2 Bxg3+ 31. Nxg3 Rg6 32. Ne2 Rhg7 33. h4 Rg2+ 34. Rxg2 Rxg2+ 35. Ke1 Qg6 36. Qf3 Rg4 37. h5 Qh6 38. Qh3 Ke8 39. Kf2 Nd2 40. Rg1 Ne4+ 41. Kf3 Rxg1 42. Nxg1 Nxc3 43. Qh4 Ne4 44. Nh3 Kf8 45. Nf2 f6 46. Nd3 a6 47. Nc5 Nxc5 48. bxc5 fxe5 49. dxe5 Kf7 50. Qg5 Qxg5 51. fxg5 Kg7 52. Kf4 Kh7 53. Ke3 Kg7 54. g6 Kh6 55. Kf4 d4 56. Kf3 Kg7 57. Ke2 f4 58. Kd3 f3 59. Kd2 Kh6 60. Kd3 Kg7 61. Kd2 1/2-1/2

[Event "Alberta op"]
[Site "Calgary CAN"]
[Date "1997.10.13"]
[Round "6"]
[White "Vermette, Chris"]
[Black "Milne, Arthur"]
[Result "0-1"]
[WhiteElo "1661"]
[BlackElo "2065"]
[PlyCount "56"]
[GameId "2160767911935997"]
[EventDate "1997.10.11"]
[EventType "swiss"]
[EventRounds "6"]
[EventCountry "CAN"]

1. e4 c5 2. Nf3 e6 3. d4 cxd4 4. Nxd4 a6 5. Nc3 Qc7 6. Be2 Nf6 7. a3 d6 8. O-O Nbd7 9. Nb3 b5 10. f4 Bb7 11. Bf3 Rc8 12. Be3 Be7 13. Qd2 O-O 14. Rad1 Ba8 15. g4 Nb6 16. Bxb6 Qxb6+ 17. Qd4 Qxd4+ 18. Nxd4 Nd7 19. Rd2 Nb6 20. Be2 Nc4 21. Bxc4 Rxc4 22. Re1 Rb8 23. f5 e5 24. Nf3 b4 25. axb4 Rbxb4 26. Nxe5 dxe5 27. Red1 Bc5+ 28. Kf1 Rd4 0-1

[Event "Alberta reserves"]
[Site "Edmonton CAN"]
[Date "1997.03.28"]
[Round "1"]
[White "Hansen, Steve"]
[Black "Ottosen, David"]
[Result "1-0"]
[WhiteElo "1605"]
[BlackElo "2085"]
[PlyCount "69"]
[GameId "2160767911966196"]
[EventDate "1997.03.28"]
[EventType "swiss"]
[EventRounds "5"]
[EventCountry "CAN"]

1. e4 c5 2. Nf3 Nc6 3. d4 cxd4 4. Nxd4 Nf6 5. Nc3 e5 6. Ndb5 d6 7. Bg5 a6 8. Bxf6 gxf6 9. Na3 f5 10. exf5 Bxf5 11. Bd3 Be6 12. Be4 h5 13. h3 Rc8 14. O-O Qg5 15. Qf3 Nd4 16. Qg3 Qh6 17. Rae1 f5 18. Bxb7 Rc7 19. Bxa6 f4 20. Qd3 f3 21. g3 h4 22. g4 Rg7 23. Re4 Rhg8 24. Bb5+ Kf7 25. Qe3 Qf6 26. Nc4 Bxg4 27. hxg4 Rxg4+ 28. Rxg4 Rxg4+ 29. Kh1 Bh6 30. Qd3 Rg2 31. Qh7+ Rg7 32. Qe4 Qg5 33. Nxd6+ Kg8 34. Qa8+ Kh7 35. Bd3+ 1-0

[Event "Alberta reserves"]
[Site "Edmonton CAN"]
[Date "1997.03.29"]
[Round "2"]
[White "Ottosen, David"]
[Black "Smith, Mike"]
[Result "1-0"]
[WhiteElo "2085"]
[BlackElo "1605"]
[PlyCount "77"]
[GameId "2160767911966197"]
[EventDate "1997.03.28"]
[EventType "swiss"]
[EventRounds "5"]
[EventCountry "CAN"]

1. e4 e5 2. d4 d6 3. Nf3 Bg4 4. Bc4 a6 5. dxe5 dxe5 6. Bxf7+ Ke7 7. Bg5+ Nf6 8. Qxd8+ Kxd8 9. Nxe5 Be7 10. Nxg4 Nxg4 11. Bxe7+ Kxe7 12. Bb3 Nc6 13. Nc3 Nd4 14. O-O Raf8 15. Nd5+ Kd8 16. f3 Ne3 17. Nxe3 Ne2+ 18. Kf2 Nf4 19. Rad1+ Kc8 20. Rd4 h5 21. Rfd1 Re8 22. Nf5 g5 23. Bf7 Ref8 24. Ne7+ Kb8 25. Ng6 Rxf7 26. Nxh8 g4 27. Nxf7 gxf3 28. Kxf3 Ne6 29. e5 Nxd4+ 30. Rxd4 b5 31. e6 Kb7 32. e7 a5 33. e8=Q Kb6 34. Rd5 c6 35. Qb8+ Ka6 36. Rd6 a4 37. Rxc6+ Ka5 38. Qb6+ Kb4 39. a3# 1-0

[Event "Alberta reserves"]
[Site "Edmonton CAN"]
[Date "1997.03.29"]
[Round "3"]
[White "Ottosen, David"]
[Black "MacFie, Bob"]
[Result "1-0"]
[WhiteElo "2085"]
[BlackElo "1605"]
[PlyCount "53"]
[GameId "2160767911966198"]
[EventDate "1997.03.28"]
[EventType "swiss"]
[EventRounds "5"]
[EventCountry "CAN"]

1. e4 b6 2. d4 Bb7 3. Bd3 e6 4. Be3 Nf6 5. Nd2 d6 6. c4 Be7 7. h3 Nbd7 8. Ne2 O-O 9. O-O e5 10. Bc2 c6 11. f4 Ne8 12. Nf3 Nc7 13. Qe1 Bf6 14. Rd1 Qe7 15. Ng3 g6 16. Qd2 Rfd8 17. Nh2 Ba6 18. b3 Ne8 19. Ng4 Bg7 20. f5 f6 21. h4 Bb7 22. fxg6 hxg6 23. h5 exd4 24. Bxd4 f5 25. exf5 Bxd4+ 26. Qxd4 Qh4 27. Nh6+ 1-0

[Event "Alberta reserves"]
[Site "Edmonton CAN"]
[Date "1997.03.30"]
[Round "4"]
[White "Proulx, Roy"]
[Black "Ottosen, David"]
[Result "0-1"]
[WhiteElo "1675"]
[BlackElo "2085"]
[PlyCount "54"]
[GameId "2160767911966199"]
[EventDate "1997.03.28"]
[EventType "swiss"]
[EventRounds "5"]
[EventCountry "CAN"]

1. d4 d5 2. g3 Nf6 3. Bg2 c6 4. Nf3 h6 5. a3 Bf5 6. Nbd2 Nbd7 7. c4 e6 8. O-O Bd6 9. c5 Bc7 10. Re1 O-O 11. b4 e5 12. dxe5 Nxe5 13. Bb2 Ng6 14. Nd4 Bg4 15. f3 Bd7 16. Qc2 Qc8 17. e4 Bh3 18. Re2 dxe4 19. Nxe4 Nxe4 20. Rxe4 Bxg2 21. Kxg2 Ne5 22. Rae1 Ng6 23. Rg4 Re8 24. Rxe8+ Qxe8 25. Nf5 Be5 26. f4 Bxb2 27. Qxb2 Qe4+ 0-1

[Event "Alberta reserves"]
[Site "Edmonton CAN"]
[Date "1997.03.30"]
[Round "5"]
[White "Ottosen, David"]
[Black "South, Robert"]
[Result "0-1"]
[WhiteElo "2085"]
[BlackElo "2295"]
[PlyCount "78"]
[GameId "2160767911966200"]
[EventDate "1997.03.28"]
[EventType "swiss"]
[EventRounds "5"]
[EventCountry "CAN"]

1. e4 Nc6 2. Nf3 Nf6 3. e5 Nd5 4. d4 e6 5. Bb5 a6 6. Bxc6 dxc6 7. O-O c5 8. Bg5 Be7 9. Bxe7 Qxe7 10. Nc3 Nxc3 11. bxc3 Bd7 12. Nd2 Bc6 13. Qg4 O-O-O 14. Nb3 h5 15. Qf4 c4 16. Nd2 Bd5 17. Qe3 f5 18. a4 g5 19. Qe2 Qd7 20. Rfb1 Qc6 21. Rb4 a5 22. Rb5 b6 23. f3 Rhg8 24. Nf1 f4 25. Nd2 g4 26. Kf2 Rg6 27. Rbb1 Rdg8 28. Rg1 h4 29. Ne4 h3 30. Nf6 gxf3 31. Nxg8 Rxg8 32. gxf3 Rxg1 33. Rxg1 Qxa4 34. Rg4 Qa1 35. Rxf4 Qxc3 36. Kg3 a4 37. Kxh3 a3 38. Re4 a2 39. Qe1 a1=Q 0-1